Sentences in Swahili : (Record no. 63673)
[ view plain ]
| 000 -LEADER | |
|---|---|
| fixed length control field | 00698 am a22002173 4500 |
| 001 - CONTROL NUMBER | |
| control field | 013078986 |
| 003 - CONTROL NUMBER IDENTIFIER | |
| control field | Uk |
| 005 - DATE AND TIME OF LATEST TRANSACTION | |
| control field | 20170619150138.0 |
| 008 - FIXED-LENGTH DATA ELEMENTS--GENERAL INFORMATION | |
| fixed length control field | 690917s1969 enk | 000 | eng |
| 015 ## - NATIONAL BIBLIOGRAPHY NUMBER | |
| National bibliography number | GB6928305 |
| Source | bnb |
| 020 ## - INTERNATIONAL STANDARD BOOK NUMBER | |
| International Standard Book Number | 090187700X (pbk) : |
| Terms of availability | 50/- |
| 040 ## - CATALOGING SOURCE | |
| Original cataloging agency | Uk |
| Transcribing agency | Uk |
| 082 04 - DEWEY DECIMAL CLASSIFICATION NUMBER | |
| Classification number | 496.925 |
| Edition number | 18 |
| 100 1# - MAIN ENTRY--PERSONAL NAME | |
| Personal name | Maw, Joan, |
| Dates associated with a name | 1927- |
| 245 10 - TITLE STATEMENT | |
| Title | Sentences in Swahili : |
| Remainder of title | a study of their internal relationships / |
| Statement of responsibility, etc | by Joan Maw. |
| 260 ## - PUBLICATION, DISTRIBUTION, ETC. (IMPRINT) | |
| Place of publication, distribution, etc | London : |
| Name of publisher, distributor, etc | University of London School of Oriental and African Studies, |
| Date of publication, distribution, etc | 1969. |
| 300 ## - PHYSICAL DESCRIPTION | |
| Extent | 142 p. ; |
| Dimensions | 25 cm. |
| 650 #0 - SUBJECT ADDED ENTRY--TOPICAL TERM | |
| Topical term or geographic name as entry element | Swahili language |
| General subdivision | Sentences. |
| 710 2# - ADDED ENTRY--CORPORATE NAME | |
| Corporate name or jurisdiction name as entry element | University of London. |
| Subordinate unit | School of Oriental and African Studies. |
| 942 ## - ADDED ENTRY ELEMENTS (KOHA) | |
| Source of classification or shelving scheme | |
No items available.
